000 00593nam a2200241Ia 4500
003 OSt
005 20220924153614.0
006 a|||||r|||| 00| 0
007 ta
008 220923b |||||||| |||| 00| 0 tam d
024 _a350948
037 _cTextual
040 _aARTS
_cARTS
_btam
041 _2tam
_atam
082 _aY15, 31P31
100 _aThayamal Aravanan
_9229362
245 0 _aPen loam nettu enrum
260 _c2003
300 _a143p.
_ccm.
650 _aSOCIOLOGY
942 _hY15, 31P31
_cTEXL
_2CC
999 _c474228
_d474228